000 00347nam a22001337a 4500
008 170919b xxu||||| |||| 00| 0 eng d
020 _a9780385517256
041 _aeng
080 _a7
100 _a44
101 _aART
245 _aTHE FIFTH DISCIPLINE THE ART PRACTICE OF THE LEARNING ORGANIZATION
_cSENGE.P.M
942 _2udc
_cBK
999 _c28211
_d28211